000 00297nam a22001337a 4500
008 170306b xxu||||| |||| 00| 0 eng d
020 _a9780801846748
041 _aeng
080 _a575
100 _a6
101 _aSHM
245 _aGENETICS AND MOLECULAR BIOLOGY
_cSCHLEIF.R
942 _2udc
_cBK
999 _c6782
_d6782